书目信息 |
| 题名: |
ASP网络应用系统典型模块开发实例解析
|
|
| 作者: | 张固 , 汪晓平 编著 | |
| 分册: | ||
| 出版信息: | 北京 人民邮电出版社 2004.7 |
|
| 页数: | 422页 | |
| 开本: | 26cm | |
| 丛书名: | ||
| 单 册: | ||
| 中图分类: | TG484-39 , TP393.092 | |
| 科图分类: | ||
| 主题词: | 主页制作--程序设计 , 计算机应用 | |
| 电子资源: | ||
| ISBN: | 7-115-12426-4 | |
| 000 | 00809nam0 2200253 45 | |
| 001 | 012004000000 | |
| 005 | 20041020110856.30 | |
| 010 | @a7-115-12426-4@dCNY 42.00 | |
| 100 | @a20040914d2004 em y0chiy0121 ea | |
| 101 | 0 | @achi |
| 102 | @aCN@b110000 | |
| 105 | @aak z 000yy | |
| 200 | 1 | @aASP网络应用系统典型模块开发实例解析@AASP wang luo ying yong xi tong dian xing mo kuai kai fa shi li jie xi@f张固, 汪晓平等编著 |
| 210 | @a北京@c人民邮电出版社@d2004.7 | |
| 215 | @a422页@c图, 表格@d26cm@e附光盘1片 | |
| 307 | @a附光盘: ISBN 7-89497-431-5 | |
| 606 | 0 | @a主页制作@x程序设计 |
| 606 | 0 | @a计算机应用 |
| 690 | @aTG484-39@v4 | |
| 690 | @aTP393.092@v3 | |
| 701 | 0 | @a张固@Azhang gu@4编著 |
| 701 | 0 | @a汪晓平@Awang xiao ping@4编著 |
| 801 | 0 | @aCN@bQSSKxf@c20041020 |
| 905 | @a10447@dTP393.092@eZ108 | |
| ASP网络应用系统典型模块开发实例解析/张固, 汪晓平等编著.-北京:人民邮电出版社,2004.7 |
| 422页:图, 表格;26cm+附光盘1片 |
| ISBN 7-115-12426-4:CNY 42.00 |
| ● |
| 相关链接 |
|
|
|
正题名:ASP网络应用系统典型模块开发实例解析
索取号:TP393.092/Z108
 
预约/预借
| 序号 | 登录号 | 条形码 | 馆藏地/架位号 | 状态 | 备注 |
| 1 | 421712 | 204217123 | 自科库301/301自科库 130排1列4层/ [索取号:TP393.092/Z108] | 在馆 | |
| 2 | 421713 | 204217132 | 自科二线400A/400A自科库 2排1列5层/ [索取号:TP393.092/Z108] | 在馆 | |
| 3 | 421714 | 204217141 | 自科库301/301自科库 130排1列4层/ [索取号:TP393.092/Z108] | 在馆 |